<?xml version="1.0" encoding="UTF-8"?><?xml-stylesheet type="text/xsl" href="static/style.xsl"?><OAI-PMH xmlns="http://www.openarchives.org/OAI/2.0/" xmlns:xsi="http://www.w3.org/2001/XMLSchema-instance" xsi:schemaLocation="http://www.openarchives.org/OAI/2.0/ http://www.openarchives.org/OAI/2.0/OAI-PMH.xsd"><responseDate>2026-06-07T12:41:16Z</responseDate><request verb="GetRecord" identifier="oai:riubu.ubu.es:10259/11808" metadataPrefix="marc">https://riubu.ubu.es/oai/request</request><GetRecord><record><header><identifier>oai:riubu.ubu.es:10259/11808</identifier><datestamp>2026-06-06T00:05:21Z</datestamp><setSpec>com_10259.4_2543</setSpec><setSpec>com_10259_5086</setSpec><setSpec>com_10259_2604</setSpec><setSpec>com_10259_4839</setSpec><setSpec>col_10259.4_2544</setSpec><setSpec>col_10259_4840</setSpec></header><metadata><record xmlns="http://www.loc.gov/MARC21/slim" xmlns:doc="http://www.lyncode.com/xoai" xmlns:xsi="http://www.w3.org/2001/XMLSchema-instance" xmlns:dcterms="http://purl.org/dc/terms/" xsi:schemaLocation="http://www.loc.gov/MARC21/slim http://www.loc.gov/standards/marcxml/schema/MARC21slim.xsd">
<leader>00925njm 22002777a 4500</leader>
<datafield tag="042" ind1=" " ind2=" ">
<subfield code="a">dc</subfield>
</datafield>
<datafield tag="720" ind1=" " ind2=" ">
<subfield code="a">Farrugia Caruana, Lawrence</subfield>
<subfield code="e">author</subfield>
</datafield>
<datafield tag="720" ind1=" " ind2=" ">
<subfield code="a">Busuttil, Leonard</subfield>
<subfield code="e">author</subfield>
</datafield>
<datafield tag="720" ind1=" " ind2=" ">
<subfield code="a">Żammit, Jacqueline</subfield>
<subfield code="e">author</subfield>
</datafield>
<datafield tag="720" ind1=" " ind2=" ">
<subfield code="a">Parmaxi, Antigoni</subfield>
<subfield code="e">author</subfield>
</datafield>
<datafield tag="720" ind1=" " ind2=" ">
<subfield code="a">Christou, Eirini</subfield>
<subfield code="e">author</subfield>
</datafield>
<datafield tag="720" ind1=" " ind2=" ">
<subfield code="a">Ioannou, Andri</subfield>
<subfield code="e">author</subfield>
</datafield>
<datafield tag="720" ind1=" " ind2=" ">
<subfield code="a">Timotheou, Stella</subfield>
<subfield code="e">author</subfield>
</datafield>
<datafield tag="720" ind1=" " ind2=" ">
<subfield code="a">Rodríguez Cano, Sonia</subfield>
<subfield code="e">author</subfield>
</datafield>
<datafield tag="720" ind1=" " ind2=" ">
<subfield code="a">Delgado Benito, Vanesa</subfield>
<subfield code="e">author</subfield>
</datafield>
<datafield tag="720" ind1=" " ind2=" ">
<subfield code="a">Ramos Monsivais, Cynthia Lizeth</subfield>
<subfield code="e">author</subfield>
</datafield>
<datafield tag="720" ind1=" " ind2=" ">
<subfield code="a">Alonso Martínez, Laura</subfield>
<subfield code="e">author</subfield>
</datafield>
<datafield tag="260" ind1=" " ind2=" ">
<subfield code="c">2025-06</subfield>
</datafield>
<datafield tag="520" ind1=" " ind2=" ">
<subfield code="a">This paper investigates an Erasmus+ project entitled Children as Creators of Augmented Re-ality Stories (CARS), focusing on how children aged 10–12 create augmented reality stories for language learning, grounded in constructionist principles. We apply a SWOT analysis from teacher perspectives to highlight strengths, weaknesses, opportunities, and threats. The literature review underscores the gap in child-driven augmented reality narrative crea-tion, linking it to collaborative, hands-on learning processes. The proposed research design outlines iterative methods for capturing students’ experiences, language gains, and the prac-tical demands of augmented reality implementation. Results aim to inform educators on best practices, emphasizing resource availability, assessment frameworks, and sustainability considerations. By offering a constructionist lens, the study addresses both theoretical and applied implications, contributing to the broader discourse on augmented reality-based edu-cational innovation while ensuring practical feasibility in diverse contexts</subfield>
</datafield>
<datafield tag="024" ind2=" " ind1="8">
<subfield code="a">https://hdl.handle.net/10259/11808</subfield>
</datafield>
<datafield tag="024" ind2=" " ind1="8">
<subfield code="a">10.21240/constr/2025/18.X</subfield>
</datafield>
<datafield tag="024" ind2=" " ind1="8">
<subfield code="a">3042-7835</subfield>
</datafield>
<datafield ind1=" " ind2=" " tag="653">
<subfield code="a">Constructionism</subfield>
</datafield>
<datafield ind1=" " ind2=" " tag="653">
<subfield code="a">Augmented   Reality</subfield>
</datafield>
<datafield ind1=" " ind2=" " tag="653">
<subfield code="a">Language   Learning</subfield>
</datafield>
<datafield ind1=" " ind2=" " tag="653">
<subfield code="a">Storytelling</subfield>
</datafield>
<datafield tag="245" ind1="0" ind2="0">
<subfield code="a">Children as Creators of Augmented Reality Stories</subfield>
</datafield>
</record></metadata></record></GetRecord></OAI-PMH>